Annual report on exchange arrangements and exchange restrictions.

Saved in:
Bibliographic Details
New Title:Exchange arrangements and exchange restrictions
Previous Title:International Monetary Fund. Annual report on exchange restrictions
Corporate Author: International Monetary Fund
Format: Serial
Language:English
Published: Washington, D.C. : International Monetary Fund.
Subjects:
LEADER 01844cas a2200433 a 4500
001 c000190638
003 CARM
005 20060116150201.0
008 790807d19791988dcuar i0 a0eng d
010 |a 79644506 
019 1 |a 1599165  |z 41402061  |5 LACONCORD2021 
022 |a 0250-7366 
035 |a (OCoLC)5248307  |5 LACONCORD2021 
040 |a LC  |b eng  |c LC 
042 |a lc  |a nsdp 
050 0 |a K4440.A13  |b I57 
070 0 |a HG3810.I5 
072 0 |a X700 
082 0 4 |a 341.7/51 
110 2 |a International Monetary Fund. 
210 0 |a Annu. rep. exch. arrange. exch. restric. - Int. Monet. Fund 
222 0 |a Annual report on exchange arrangements and exchange restrictions - International Monetary Fund 
245 1 0 |a Annual report on exchange arrangements and exchange restrictions. 
246 3 4 |a Exchange arrangements & exchange restrictions 
246 3 0 |a Exchange arrangements and exchange restrictions 
260 |a Washington, D.C. :  |b International Monetary Fund. 
300 |a 10 v. ;  |c 28 cm. 
310 |a Annual 
362 0 |a 1979-1988. 
650 0 |a Foreign exchange  |x Law and legislation  |v Periodicals. 
780 0 0 |a International Monetary Fund.  |t Annual report on exchange restrictions  |x 0085-2163  |w (DLC) 51002422  |w (OCoLC)1753642 
785 0 0 |t Exchange arrangements and exchange restrictions  |x 0250-7366  |w (DLC) 89650948  |w (OCoLC)20577460 
852 8 |b CARM  |h A2:AR01D0  |i F00392  |p 0267217  |f SE 
852 8 |b CARM  |h A2:AM07C0  |i F00488  |p 0273669  |f SE 
866 0 |a 1979-1985 
866 0 |a 1979-1985 
999 f f |i 858d4495-f447-5488-8d91-4fd124b6bb0c  |s 2facb423-a55d-53ae-9b4c-922cfe9f7330 
952 f f |p Can circulate  |a CAVAL  |b CAVAL  |c CAVAL  |d CARM 1 Store  |e F00488  |f A2:AM07C0  |h Other scheme  |i book  |k 1981-1984  |m 0273669 
952 f f |p Can circulate  |a CAVAL  |b CAVAL  |c CAVAL  |d CARM 1 Store  |e F00392  |f A2:AR01D0  |h Other scheme  |i book  |k 1979-1980, 1985  |m 0267217